000 00267nam a2200109Ia 4500
001 1275982
005 20260417160438.0
008 260417s9999 xx 000 0 und d
020 _a9786258094268
245 0 _aAyı ve Kurt
_cDaniel Salmieri
260 _bKetebe Çocuk
999 _c1275982
_d1275982